00535 2200169 4500001002100000005001500021035002000036007000300056008003900059082000700098084001300105100001300118245015100131260004600282650002300328990001400351INLIS00000000000988120260413022438 a0010-0426000217ta260413 | | |  a81 a81 BEN p0 aBENYAMIN1 aPENGARUH MOTIVASI KERJA, DISIPILIN KERJA, DAN KEMAMPUAN KERJA TERHADAP KEPUASAN KERJA ASN PADA DINAS PENDIDIKAN KABUPATEN PULANG PISAU /cBENYAMIN aPALANGKA RAYA :bPERPUSTAKAAN UMPR,c2026 4aKEPUASAN KERJA ASN a238101189